000 00195 a2200097 4500
001 31374
100 _aDeitel H M
245 _aJAVA
260 _aN.J
_bPrentice Ha
_c1999
090 _c21264
_d21264
942 _aNUST-CAE
_cM
_c12519
999 _c266447
_d266447